000 00954nam a22002297a 4500
005 20250618161334.0
008 250618b |||||||| |||| 00| 0 eng d
020 _a978-81-947569-6-5 (pbk)
037 _cTB
040 _aAL
_cAL
041 _2Pun
_aPun
084 _aO153,6x Q2
_qAL
100 _aਚਰਨ, ਅਸ਼ੋਕ
_9813128
245 _aਮੇਰੀਆਂ ਮੁਲਾਕਾਤਾਂ: ਮੇਰੀ ਕਲਾਮ ਮੇਰੀ ਅਮੀਰੀ, ਫ਼ਕੀਰੀ ਤੇ ਆਲਾਮ ਗੀਰੀ
260 _aਅੰਮ੍ਰਿਤਸਰ, ਭਾਰਤ:
_bਅਜ਼ਾਦ ਬੁੱਕ ਡਿਪੋ,
_c262 ਪ.
300 _a262 ਪ.
365 _b350.00
_cINR
650 _aਪੰਜਾਬੀ ਸਾਹਿਤ
650 _aਪੰਜਾਬੀ ਨਿਬੰਧ
942 _2CC
_cTB
_hO153,6x Q2
_n0
999 _c1431872
_d1431872